al-Īḍāḥāt al-jalīyah

محفوظ في:

المؤلف الرئيسي: Michel joseph eid.

التنسيق: كتاب

اللغة: Undetermined

منشور في: Alexandria V.Penasson 1889

الوسوم: إضافة وسم

لا توجد وسوم, كن أول من يضع وسما على هذه التسجيلة!

رقم الطلب: A10 GEOG

LEADER 00324nam a2200121Ia 4500
008 240404s9999||||xx |||||||||||||| ||und||
050 4 |a A10 GEOG 
100 1 |a Michel joseph eid. 
245 1 0 |a al-Īḍāḥāt al-jalīyah  |c Michel joseph eid 
264 1 |a Alexandria  |b V.Penasson  |c 1889 
300 |a 58  |c 18 
942 |2 lcc  |c BK 
999 |c 58022  |d 58022